[Event "XVII Aberto "]
[Site "Ourense"]
[Date "2008.??.??"]
[Round "1.49"]
[White "De Francisco De Diego, Felipe"]
[Black "Vazquez Silva, Andres Miguel"]
[Result "1-0"]
[WhiteElo "2019"]
[BlackElo "1289"]
[PlyCount "139"]
[EventDate "2008.07.03"]

1. d4 d5 2. c4 c6 3. Nc3 Nf6 4. Bg5 e6 5. cxd5 exd5 6. e3 Bb4 7. Bd3 Qd6 8. Qc2
h6 9. Bf4 Qe6 10. Nge2 O-O 11. O-O Re8 12. a3 Bf8 13. b4 b6 14. h3 Nbd7 15. Bf5
Qe7 16. b5 Nb8 17. bxc6 Bxf5 18. Qxf5 Qe6 19. Qxe6 fxe6 20. Nb5 Na6 21. Rfc1
Ne4 22. Rc2 Re7 23. c7 Nxc7 24. Rxc7 Nd2 25. Rd1 Nc4 26. Rxe7 Bxe7 27. Nc7 Rc8
28. a4 Kf7 29. Rc1 Bd8 30. Nb5 a6 31. Nd6+ Nxd6 32. Bxd6 Ra8 33. Bc7 b5 34.
Bxd8 Rxd8 35. axb5 axb5 36. Rc7+ Kf6 37. Rb7 g5 38. Rxb5 h5 39. g4 h4 40. f4
Rc8 41. fxg5+ Kxg5 42. Nf4 Kf6 43. Rb6 Re8 44. Nxd5+ Kf7 45. Rb7+ Kg6 46. Nf4+
Kf6 47. Nh5+ Kg6 48. e4 e5 49. d5 Rc8 50. Rb6+ Kg5 51. Rb1 Rc4 52. Re1 Rd4 53.
Ng7 Kf6 54. Nf5 Rd3 55. d6 Ke6 56. Kg2 Rd2+ 57. Kf3 Rd3+ 58. Re3 Rd1 59. Ke2
Rh1 60. Rd3 Rh2+ 61. Kd1 Rh1+ 62. Kc2 Kd7 63. Nxh4 Ra1 64. Ng6 Ra5 65. Nf8+ Kd8
66. d7 Rc5+ 67. Kd2 Rc6 68. g5 Ra6 69. g6 Ra2+ 70. Ke3 1-0

[Event "XVII Aberto "]
[Site "Ourense"]
[Date "2008.07.04"]
[Round "2.1"]
[White "Outerelo Ucha, Manuel"]
[Black "Paunovic, Dragan"]
[Result "0-1"]
[WhiteElo "2218"]
[BlackElo "2539"]
[PlyCount "58"]
[EventDate "2008.07.03"]

1. e4 c5 2. Nf3 e6 3. d4 cxd4 4. Nxd4 a6 5. c4 Nf6 6. Nc3 Bb4 7. Qc2 Qc7 8. a3
Bc5 9. Nb3 Ba7 10. c5 b6 11. cxb6 Bxb6 12. Bg5 Bb7 13. Rc1 d6 14. Bxf6 gxf6 15.
Qd2 Nc6 16. Bd3 Qe7 17. O-O Rg8 18. Kh1 Ne5 19. Na4 Bd8 20. Bb1 f5 21. f3 fxe4
22. Bxe4 Bxe4 23. fxe4 Qb7 24. Qc2 Bg5 25. Rb1 Rc8 26. Na5 Rxc2 27. Nxb7 Ke7
28. b4 Be3 29. Rb2 Rgxg2 0-1

[Event "XVII Aberto "]
[Site "Ourense"]
[Date "2008.07.04"]
[Round "2.2"]
[White "Lorenzo Duran, Marcos"]
[Black "Manolache, Marius"]
[Result "0-1"]
[WhiteElo "2214"]
[BlackElo "2521"]
[PlyCount "88"]
[EventDate "2008.07.03"]

1. e4 c6 2. d4 Na6 3. Nf3 g6 4. Nc3 Nc7 5. Bf4 d6 6. h3 b5 7. a3 Bg7 8. Qd2 a5
9. Be2 b4 10. axb4 axb4 11. Na4 Nf6 12. Bd3 O-O 13. O-O Rb8 14. c4 bxc3 15.
bxc3 Ne6 16. Be3 Bd7 17. c4 c5 18. d5 Nc7 19. Nc3 Rb3 20. Rab1 Rxc3 21. Qxc3
Nfxd5 22. Qd2 Nxe3 23. Qxe3 Bc6 24. Rb6 Qd7 25. Rfb1 Ne6 26. Rb8 Qa7 27. Rxf8+
Nxf8 28. Qc1 Nd7 29. Rb3 Qa8 30. Ra3 Qb7 31. Qb1 Qb4 32. Ra7 Bf6 33. Rc7 Qa4
34. e5 Nxe5 35. Nxe5 Bxe5 36. Rc8+ Kg7 37. Bc2 Qa6 38. Rc7 Qa8 39. f3 Bd4+ 40.
Kh2 Be5+ 41. Kg1 Bxf3 42. gxf3 Qxf3 43. Be4 Qxh3 44. Kf2 d5 0-1

[Event "XVII Aberto "]
[Site "Ourense"]
[Date "2008.07.04"]
[Round "2.3"]
[White "Rivas Pastor, Manuel"]
[Black "Stanoev, Atanas"]
[Result "1-0"]
[WhiteElo "2508"]
[BlackElo "2198"]
[PlyCount "77"]
[EventDate "2008.07.03"]

1. e4 c5 2. Nf3 d6 3. Bb5+ Nd7 4. c3 Ngf6 5. Qe2 e6 6. O-O Be7 7. d4 O-O 8. a4
b6 9. Bc6 Rb8 10. b4 d5 11. e5 Ne4 12. b5 Bb7 13. Ne1 h6 14. f3 Ng5 15. Be3 Qc7
16. Bxb7 Qxb7 17. Nd2 Ra8 18. Nd3 a6 19. Rfb1 axb5 20. axb5 Rxa1 21. Rxa1 Ra8
22. Qd1 Ra7 23. Qb1 Qa8 24. Rxa7 Qxa7 25. dxc5 bxc5 26. f4 Nh7 27. Nb4 Qa4 28.
Nc6 Bf8 29. f5 Ng5 30. Bxg5 hxg5 31. fxe6 fxe6 32. Qg6 Qg4 33. h3 Qf4 34. Qxe6+
Kh8 35. Qxd7 Qxd2 36. Qf7 Qc1+ 37. Kh2 Qf4+ 38. Qxf4 gxf4 39. b6 1-0

[Event "XVII Aberto "]
[Site "Ourense"]
[Date "2008.07.04"]
[Round "2.4"]
[White "Garcia-Ortega Mendez, Jose M"]
[Black "Rusev, Krasimir"]
[Result "1/2-1/2"]
[WhiteElo "2196"]
[BlackElo "2508"]
[PlyCount "41"]
[EventDate "2008.07.03"]

1. d4 e6 2. Nf3 Nf6 3. c4 d5 4. Nc3 dxc4 5. e3 a6 6. a4 b6 7. Bxc4 Bb7 8. O-O
Bb4 9. Qe2 O-O 10. Bd2 Nbd7 11. Rfd1 Qe7 12. Ne5 c5 13. Nxd7 Qxd7 14. dxc5 Bxc5
15. e4 Qc6 16. Bd3 Nd7 17. Bf4 e5 18. Be3 Bxe3 19. Qxe3 Qe6 20. Bc4 Qxc4 21.
Rxd7 1/2-1/2

[Event "XVII Aberto "]
[Site "Ourense"]
[Date "2008.07.04"]
[Round "2.5"]
[White "Krivoshey, Sergei"]
[Black "Eyo Castro-Rial, Alberto"]
[Result "1-0"]
[WhiteElo "2504"]
[BlackElo "2192"]
[PlyCount "83"]
[EventDate "2008.07.03"]

1. Nf3 Nf6 2. d4 g6 3. Bg5 Ne4 4. Bh4 Bg7 5. Nbd2 d5 6. e3 O-O 7. Nxe4 dxe4 8.
Nd2 c5 9. c3 cxd4 10. cxd4 Qb6 11. Bxe7 Qxb2 12. Rb1 Qxa2 13. Bc4 Qa5 14. Bxf8
Bxf8 15. O-O Nc6 16. Nxe4 Nb4 17. Qb3 Qf5 18. Nc5 a5 19. e4 Qf4 20. Rfe1 b6 21.
Nd3 Nxd3 22. Qxd3 Bb4 23. Re3 Bb7 24. g3 Qg4 25. f3 Qd7 26. Kg2 Rd8 27. d5 Bc8
28. Re2 h5 29. Reb2 h4 30. g4 Qd6 31. Rxb4 axb4 32. Qd2 h3+ 33. Kxh3 Qe5 34.
Be2 f5 35. exf5 Bxf5 36. Rxb4 Kg7 37. Kg2 Rxd5 38. Qb2 Bd7 39. Rxb6 Rd4 40. Rb4
Rxg4+ 41. fxg4 Bc6+ 42. Bf3 1-0

[Event "XVII Aberto "]
[Site "Ourense"]
[Date "2008.07.04"]
[Round "2.6"]
[White "Pazos Porta, Antonio"]
[Black "Starostits, Ilmars"]
[Result "0-1"]
[WhiteElo "2189"]
[BlackElo "2497"]
[PlyCount "82"]
[EventDate "2008.07.03"]

1. e4 c6 2. d4 d5 3. exd5 cxd5 4. Bd3 Nc6 5. c3 Qc7 6. h3 e5 7. dxe5 Nxe5 8.
Bc2 Nf6 9. Nf3 Bd6 10. O-O Bd7 11. Nbd2 Ng6 12. Re1+ Kf8 13. Nb3 Nf4 14. Bxf4
Bxf4 15. Qd4 Bd6 16. Rad1 b5 17. Ne5 Be6 18. Bd3 Rb8 19. Nf3 a5 20. Ng5 Bd7 21.
Qh4 h6 22. g3 Kg8 23. Nf3 a4 24. Nbd4 Rb6 25. Nf5 Bxf5 26. Bxf5 Bc5 27. Qf4
Qxf4 28. gxf4 g6 29. Bc2 Kg7 30. Ne5 Rd8 31. Kg2 Nh5 32. Nd3 Bd6 33. Kf3 Bxf4
34. Nb4 Rbd6 35. Rd4 Bg5 36. Red1 Rf6+ 37. Kg2 Nf4+ 38. Kh2 Ne2 39. Rxd5 Rxf2+
40. Kh1 Rxd5 41. Rxd5 Bf4 0-1

[Event "XVII Aberto "]
[Site "Ourense"]
[Date "2008.07.04"]
[Round "2.8"]
[White "Villalta Bustillo, Igor"]
[Black "Filip, Lucian"]
[Result "1-0"]
[WhiteElo "2146"]
[BlackElo "2461"]
[PlyCount "179"]
[EventDate "2008.07.03"]

1. d4 Nf6 2. Nf3 e6 3. Nbd2 d5 4. e3 b6 5. Bb5+ c6 6. Bd3 Ba6 7. Bxa6 Nxa6 8.
O-O Be7 9. Qe2 Qc8 10. b3 O-O 11. Bb2 Qb7 12. c4 Rac8 13. Rac1 Rc7 14. Rfd1
Rfc8 15. Nb1 b5 16. c5 Re8 17. Ne5 Nd7 18. Nxd7 Rxd7 19. a3 f5 20. f4 Bd8 21.
Rc2 Kh8 22. Bc1 Rg8 23. Bd2 g5 24. Be1 Rdg7 25. g3 Nb8 26. Rdd2 Nd7 27. Qf1 Nf6
28. Rg2 Qf7 29. Qf3 Ne4 30. Nc3 Nf6 31. Nb1 h6 32. Kf1 Kh7 33. Kg1 Rg6 34. Kf1
Qg7 35. Kg1 Ne4 36. Nc3 Nf6 37. Nd1 Kh8 38. Ra2 a5 39. Rac2 Bc7 40. Ra2 Qh7 41.
Rac2 h5 42. h3 g4 43. hxg4 fxg4 44. Qf1 h4 45. Qe2 Ne4 46. Nc3 Nf6 47. Rh2 Rh6
48. Qg2 b4 49. axb4 axb4 50. Nb1 Qd3 51. Qe2 Qxb3 52. Rb2 Qc4 53. Rxh4 Rxh4 54.
gxh4 Qxe2 55. Rxe2 Ra8 56. Bxb4 Ra1 57. Rb2 Ne4 58. Kg2 Kg7 59. Nc3 Nf6 60. Ra2
Rxa2+ 61. Nxa2 Kf7 62. Nc1 Ne4 63. Nb3 Bd8 64. Na5 Bxa5 65. Bxa5 Kg6 66. Be1
Kh5 67. Kh2 Nf6 68. Kg3 Ng8 69. f5 exf5 70. Kf4 Nf6 71. Kxf5 Ne4 72. Ke6 g3 73.
Bxg3 Nxg3 74. Kd6 Nf5+ 75. Kxc6 Nxe3 76. Kd6 Nf5+ 77. Kxd5 Kg6 78. c6 Kf7 79.
Kc5 Ke7 80. d5 Nxh4 81. d6+ Kd8 82. Kd5 Nf5 83. Ke5 Ne3 84. Ke6 Nc4 85. c7+ Kc8
86. d7+ Kxc7 87. Ke7 Kc6 88. d8=Q Nb6 89. Ke6 Kb7 90. Kd6 1-0

[Event "XVII Aberto "]
[Site "Ourense"]
[Date "2008.07.04"]
[Round "2.9"]
[White "Guerra Mendez, Jose Angel"]
[Black "Galan Martin, Pedro Juan"]
[Result "1-0"]
[WhiteElo "2456"]
[BlackElo "2114"]
[PlyCount "99"]
[EventDate "2008.07.03"]

1. e4 c5 2. Nf3 Nc6 3. d4 cxd4 4. Nxd4 Nf6 5. Nc3 e5 6. Ndb5 d6 7. Nd5 Nxd5 8.
exd5 Nb8 9. c4 Nd7 10. Be2 Be7 11. O-O O-O 12. Be3 a6 13. Nc3 Bg5 14. Bxg5 Qxg5
15. b4 b6 16. a4 Rb8 17. Qc1 Qe7 18. Re1 f5 19. Bf1 Qf6 20. f3 g5 21. Qd2 h5
22. a5 bxa5 23. Rxa5 g4 24. Na2 gxf3 25. gxf3 Kh8 26. Kh1 Rg8 27. Qf2 Qg7 28.
Ra3 Bb7 29. Rc3 Rbf8 30. Bg2 e4 31. fxe4 fxe4 32. Qe2 Nf6 33. Rg3 Ng4 34. Rf1
Qd4 35. Nc3 Rxf1+ 36. Bxf1 e3 37. Nd1 Qxd1 38. Rxg4 Qxe2 39. Rxg8+ Kxg8 40.
Bxe2 Kf7 41. Kg2 Kf6 42. Kf3 Ke5 43. Kxe3 h4 44. Bg4 a5 45. bxa5 Ba6 46. Kd3
Bb7 47. Bd7 Kf6 48. Bb5 Ke7 49. a6 Ba8 50. Bc6 1-0

[Event "XVII Aberto "]
[Site "Ourense"]
[Date "2008.07.04"]
[Round "2.12"]
[White "Mejuto De Ulloa, Jorge"]
[Black "Spassov, Liuben"]
[Result "0-1"]
[WhiteElo "2067"]
[BlackElo "2428"]
[PlyCount "52"]
[EventDate "2008.07.03"]

1. e4 c5 2. Nf3 e6 3. c4 b6 4. Nc3 Bb7 5. d4 cxd4 6. Nxd4 a6 7. a3 d6 8. Be3
Nf6 9. f3 Nbd7 10. Be2 Be7 11. O-O O-O 12. b4 Rc8 13. Rc1 Qc7 14. Nb3 Qb8 15.
Na4 Bd8 16. Kh1 Bc7 17. Bg1 Rfd8 18. Qe1 h6 19. c5 dxc5 20. bxc5 Bf4 21. cxb6
Bxc1 22. Nxc1 Bc6 23. Bxa6 Bxa4 24. Bxc8 Qxc8 25. Qb4 Qa6 26. Rf2 Nxb6 0-1

[Event "XVII Aberto "]
[Site "Ourense"]
[Date "2008.07.04"]
[Round "2.13"]
[White "Petkov, Vladimir"]
[Black "De Francisco De Diego, Felipe"]
[Result "1-0"]
[WhiteElo "2423"]
[BlackElo "2019"]
[PlyCount "77"]
[EventDate "2008.07.03"]

1. d4 d5 2. c4 e6 3. Nc3 Nf6 4. Bg5 Nbd7 5. cxd5 exd5 6. e3 c6 7. Bd3 Be7 8.
Qc2 O-O 9. Nf3 Re8 10. h3 b6 11. O-O-O Bb7 12. Ne5 Nf8 13. f4 a6 14. g4 c5 15.
h4 b5 16. Kb1 c4 17. Bf5 b4 18. Na4 Rb8 19. Nc5 Bxc5 20. dxc5 Qc7 21. h5 b3 22.
Qc3 bxa2+ 23. Ka1 d4 24. Qxd4 Bxh1 25. Rxh1 Red8 26. Qc3 Qxc5 27. Bxf6 gxf6 28.
Nxc4 Ne6 29. h6 Qe7 30. g5 fxg5 31. Rg1 Rb5 32. Bxe6 fxe6 33. Ne5 Qd6 34. Rxg5+
Kf8 35. Rg1 Rb7 36. Nc6 Qd1+ 37. Rxd1 Rxd1+ 38. Kxa2 Ke8 39. Qh8+ 1-0

[Event "XVII Aberto "]
[Site "Ourense"]
[Date "2008.07.04"]
[Round "2.14"]
[White "Perez Candelario, Matias"]
[Black "Ortiz Suarez, Isam"]
[Result "0-1"]
[WhiteElo "2064"]
[BlackElo "2392"]
[PlyCount "50"]
[EventDate "2008.07.03"]

1. e4 c5 2. Nf3 d6 3. d4 cxd4 4. Nxd4 Nf6 5. Bd3 Nc6 6. c3 g6 7. O-O Bg7 8. Nd2
O-O 9. Kh1 d5 10. Nxc6 bxc6 11. f4 e5 12. exd5 exf4 13. Nb3 Nxd5 14. Qf3 a5 15.
Bc4 a4 16. Nc5 Qb6 17. Bxd5 cxd5 18. Nd3 Bf5 19. Nb4 Be4 20. Nxd5 Qb5 21. Nc7
Qc6 22. Qe2 Ra5 23. Bxf4 Be5 24. Rae1 Bxf4 25. Rxf4 f5 0-1

[Event "XVII Aberto "]
[Site "Ourense"]
[Date "2008.07.04"]
[Round "2.15"]
[White "Outomuro Nieves, Rafael"]
[Black "Garcia Castro, Pablo"]
[Result "0-1"]
[WhiteElo "2051"]
[BlackElo "2390"]
[PlyCount "72"]
[EventDate "2008.07.03"]

1. e4 e5 2. Nf3 d6 3. d4 exd4 4. Nxd4 Nf6 5. Nc3 Be7 6. Be2 O-O 7. O-O Re8 8.
Re1 Bf8 9. Bf1 Nbd7 10. Nb3 a5 11. a4 c6 12. Bf4 Ne5 13. h3 Be6 14. Nd4 Ng6 15.
Bg3 Qb6 16. Qd2 Rad8 17. Rad1 Bc8 18. Nb3 Qb4 19. e5 dxe5 20. Qxd8 Rxd8 21.
Rxd8 Be6 22. Rd2 Nd5 23. Kh1 Nxc3 24. bxc3 Qxc3 25. Re3 Qb4 26. Rd8 f6 27. Ra8
h5 28. f3 b6 29. Be1 Qxa4 30. Bd3 Nf4 31. Bf1 h4 32. Re4 Qa2 33. Bxh4 Qxc2 34.
Re3 Bxb3 35. g3 Qf2 36. gxf4 Qxe3 0-1

[Event "XVII Aberto "]
[Site "Ourense"]
[Date "2008.07.04"]
[Round "2.16"]
[White "Milchev, Nikolay"]
[Black "Viterbo Ferreira, Jorge Joao"]
[Result "1-0"]
[WhiteElo "2356"]
[BlackElo "2002"]
[PlyCount "121"]
[EventDate "2008.07.03"]

1. Nf3 Nf6 2. c4 g6 3. Nc3 Bg7 4. e4 d6 5. d4 O-O 6. h3 Na6 7. Be3 e5 8. dxe5
dxe5 9. c5 Qxd1+ 10. Rxd1 Nb4 11. Rd2 Be6 12. a3 Nc6 13. Ng5 Bd7 14. Bc4 h6 15.
Nf3 Rad8 16. b4 a6 17. O-O Bc8 18. Rfd1 Rxd2 19. Rxd2 Re8 20. g4 Be6 21. Bd5 g5
22. Kg2 Nd8 23. Kg3 c6 24. Bxe6 Nxe6 25. h4 gxh4+ 26. Nxh4 Nd4 27. Nf5 Nxf5+
28. gxf5 Kh7 29. f3 Rg8 30. Kh4 Bf8 31. Kh3 Be7 32. Ne2 Rd8 33. Ng3 Rxd2 34.
Bxd2 Bd8 35. Nf1 Nh5 36. Be3 a5 37. Nd2 axb4 38. axb4 Bc7 39. Nc4 Nf6 40. Bd2
Nd7 41. Kg4 Nf6+ 42. Kh4 Bd8 43. Kh3 Bc7 44. Bc3 Nd7 45. Kh4 Bd8+ 46. Kg4 Bc7
47. f4 f6 48. fxe5 fxe5 49. Be1 Nf6+ 50. Kf3 Kg7 51. Bg3 Nd7 52. Bh4 Nf6 53.
Bxf6+ Kxf6 54. Kg4 Kg7 55. Kh5 Kh7 56. Nd6 b6 57. Nf7 bxc5 58. bxc5 Bb8 59. Nd8
Ba7 60. Ne6 Bb8 61. f6 1-0

[Event "XVII Aberto "]
[Site "Ourense"]
[Date "2008.07.04"]
[Round "2.17"]
[White "De Nacimiento Montaño, Antonio"]
[Black "Cabezas Ayala, Ivan"]
[Result "0-1"]
[WhiteElo "2045"]
[BlackElo "2336"]
[PlyCount "122"]
[EventDate "2008.07.03"]

1. e4 e5 2. Nf3 Nc6 3. Bb5 a6 4. Ba4 d6 5. d4 Bd7 6. c3 g6 7. dxe5 dxe5 8. O-O
Bg7 9. Re1 b5 10. Bb3 Nf6 11. Bg5 h6 12. Bh4 O-O 13. Nbd2 Qe8 14. Bxf6 Bxf6 15.
Nf1 Na5 16. Bc2 Nc4 17. b3 Nb6 18. Ne3 c6 19. Qe2 Be6 20. h3 Bg7 21. g4 Qe7 22.
Kh2 Bf6 23. Rg1 Bg5 24. Nxg5 hxg5 25. Rad1 Rfd8 26. Ng2 Qc5 27. Qe3 Qxe3 28.
Nxe3 Kf8 29. Kg3 Ke7 30. h4 gxh4+ 31. Kxh4 a5 32. Rxd8 Rxd8 33. Rd1 Rxd1 34.
Bxd1 b4 35. cxb4 axb4 36. Be2 Kd6 37. Kg3 g5 38. Kf3 Kc5 39. Nc2 Nc8 40. Ke3
Nd6 41. Ne1 Kb6 42. Nd3 Nb5 43. Nxb4 Nc3 44. f3 c5 45. Nd3 Nxa2 46. Nxe5 Bxb3
47. Bc4 Bxc4 48. Nxc4+ Kb5 49. Nd6+ Kb4 50. Nxf7 c4 51. Ne5 c3 52. Nd3+ Kb3 53.
e5 c2 54. f4 Nb4 55. Nc1+ Kb2 56. Ne2 Nd5+ 57. Kd2 gxf4 58. e6 f3 59. Nc1 Kb1
60. Nd3 f2 61. Ke2 Nf4+ 0-1

[Event "XVII Aberto "]
[Site "Ourense"]
[Date "2008.07.04"]
[Round "2.18"]
[White "Rivera Kuzawka, Daniel"]
[Black "Gomez Dominguez, Xavier"]
[Result "1-0"]
[WhiteElo "2322"]
[BlackElo "1977"]
[PlyCount "83"]
[EventDate "2008.07.03"]

1. e4 c5 2. Nf3 Nc6 3. d4 cxd4 4. Nxd4 g6 5. c4 Bg7 6. Be3 Nf6 7. Nc3 O-O 8.
Be2 Nxd4 9. Bxd4 d6 10. O-O Nd7 11. Bxg7 Kxg7 12. Qd4+ Kg8 13. Rad1 Qb6 14. Nd5
Qd8 15. f4 Nb6 16. Nc3 Qc7 17. b3 Qc5 18. Qxc5 dxc5 19. e5 Be6 20. Bf3 Rab8 21.
Rd2 h5 22. Rfd1 Bf5 23. g3 Kg7 24. Kg2 a6 25. h3 Rh8 26. g4 hxg4 27. hxg4 Be6
28. Ne4 Rh4 29. Kg3 Rbh8 30. Nxc5 Bc8 31. Rg2 Rh3+ 32. Kf2 R8h4 33. Ne4 Rh2 34.
Rdg1 Bd7 35. Nc5 Bc6 36. Bxc6 bxc6 37. Rxh2 Rxh2+ 38. Rg2 Rxg2+ 39. Kxg2 a5 40.
Kf3 Kf8 41. a4 Ke8 42. Nb7 1-0

[Event "XVII Aberto "]
[Site "Ourense"]
[Date "2008.07.04"]
[Round "2.20"]
[White "Chemeris, Román"]
[Black "Lopez Garrido, Daniel"]
[Result "1-0"]
[WhiteElo "2303"]
[BlackElo "1953"]
[PlyCount "51"]
[EventDate "2008.07.03"]

1. e4 e6 2. d4 a6 3. Nf3 b5 4. a4 b4 5. Bd3 Bb7 6. O-O Nf6 7. Qe2 c5 8. Bg5 h6
9. Bh4 Be7 10. dxc5 g5 11. Bg3 Bxc5 12. c4 Nh5 13. Nbd2 f6 14. Nb3 Be7 15. Nfd4
Nf4 16. Bxf4 gxf4 17. Rad1 Kf8 18. Bc2 Qe8 19. Na5 Bc6 20. Qf3 e5 21. Nf5 Qg6
22. Nxc6 Nxc6 23. Rxd7 Bc5 24. Rfd1 Nd4 25. Nxd4 Bxd4 26. R1xd4 1-0

[Event "XVII Aberto "]
[Site "Ourense"]
[Date "2008.07.04"]
[Round "2.21"]
[White "Perez Pascual, Arturo"]
[Black "Vallejo Diaz, Javier"]
[Result "0-1"]
[WhiteElo "2016"]
[BlackElo "2296"]
[PlyCount "102"]
[EventDate "2008.07.03"]

1. e4 c5 2. Nf3 a6 3. d4 cxd4 4. Nxd4 e5 5. Nf3 Nf6 6. Nc3 Nc6 7. Bg5 Bb4 8.
Qd3 d6 9. Be2 h6 10. Bxf6 Qxf6 11. O-O Bxc3 12. bxc3 O-O 13. c4 Qe7 14. Rfd1
Rd8 15. c3 Be6 16. Qb1 Qc7 17. Nd2 Na5 18. Qb4 Rac8 19. Rdc1 Rd7 20. Qa4 Re7
21. Qb4 Nxc4 22. Nxc4 Bxc4 23. Bxc4 Qxc4 24. Qxd6 Qc7 25. Qb4 Rd7 26. Rc2 Qd8
27. Rf1 b5 28. Rcc1 Rc4 29. Qb3 Rd3 30. Rcd1 Rcxc3 31. Qxc3 Rxd1 32. g3 Rxf1+
33. Kxf1 Qf6 34. Kg2 g6 35. Qc5 Kg7 36. a3 Qe6 37. h3 Kh7 38. h4 h5 39. Qc7 Qb3
40. Qa7 Qc4 41. Kh2 Qe6 42. Qc5 Qc4 43. Qa7 Kg7 44. Qxa6 Qd4 45. Kg1 Qa1+ 46.
Kg2 b4 47. Qc8 b3 48. g4 b2 49. gxh5 b1=Q 50. h6+ Kh7 51. Qf8 Qh1+ 0-1

[Event "XVII Aberto "]
[Site "Ourense"]
[Date "2008.07.04"]
[Round "2.23"]
[White "Bello Filgueira, Joaquin Antoni"]
[Black "Astasio Lopez, David"]
[Result "0-1"]
[WhiteElo "2015"]
[BlackElo "2258"]
[PlyCount "93"]
[EventDate "2008.07.03"]

1. e4 c5 2. Nf3 e6 3. b3 d5 4. e5 Nc6 5. Bb5 Nge7 6. O-O a6 7. Bxc6+ Nxc6 8.
Re1 Be7 9. d3 O-O 10. Bb2 d4 11. Nbd2 Qc7 12. a4 b6 13. Nf1 Bb7 14. Ng3 Nb4 15.
Ne4 Rad8 16. Qe2 Nd5 17. Qd2 h6 18. Ng3 f5 19. exf6 Bxf6 20. Re4 Rde8 21. Nh5
Qf7 22. Nxf6+ Qxf6 23. Ne5 Nf4 24. Rxf4 Qxf4 25. Qxf4 Rxf4 26. g3 Rf5 27. Re1
b5 28. a5 Rd8 29. Bc1 Bd5 30. f4 Rc8 31. g4 Rff8 32. Nd7 Rfd8 33. Nb6 Rc6 34.
h4 Kf7 35. Kf2 c4 36. dxc4 bxc4 37. b4 c3 38. h5 Bc4 39. g5 d3 40. g6+ Kf6 41.
cxd3 Rxd3 42. Be3 Kf5 43. Bc1 Bb5 44. Be3 Kg4 45. Rh1 c2 46. Rg1+ Kh3 47. Rc1
0-1

[Event "XVII Aberto "]
[Site "Ourense"]
[Date "2008.07.04"]
[Round "2.27"]
[White "Gutierrez Bustillo, Diego"]
[Black "Lopez Rodriguez, Walter"]
[Result "1-0"]
[WhiteElo "1947"]
[BlackElo "2227"]
[PlyCount "117"]
[EventDate "2008.07.03"]

1. e4 c5 2. Nc3 e6 3. g3 d5 4. d3 dxe4 5. Nxe4 Be7 6. Bg2 Nf6 7. Ne2 O-O 8. O-O
Nd5 9. Re1 Nc6 10. Nf4 Nc7 11. Be3 e5 12. Ne2 Ne6 13. f4 exf4 14. Nxf4 Nxf4 15.
Bxf4 Qd4+ 16. Be3 Qxb2 17. Nxc5 Qf6 18. Rb1 b6 19. Qf3 Bf5 20. Qxc6 Qxc6 21.
Bxc6 Rac8 22. Be4 Rxc5 23. Bxc5 Bxc5+ 24. Kg2 Be6 25. Bc6 Rc8 26. Bf3 g6 27. c4
Rd8 28. Red1 Kg7 29. Rb2 Ba3 30. Rb5 Bc5 31. g4 g5 32. h3 h6 33. Rb2 Ba3 34.
Rc2 Bc5 35. Be4 f6 36. Bf5 Bf7 37. Rh1 Rd4 38. h4 Be8 39. Be4 Bd7 40. hxg5 fxg5
41. Kf3 Rd6 42. Rg2 Rf6+ 43. Ke2 Rf4 44. Bf3 Rf6 45. Rd1 Ba4 46. Rf1 a5 47. Bd5
Rd6 48. Rf7+ Kg6 49. Re7 Bd7 50. Re4 h5 51. gxh5+ Kxh5 52. d4 Bb4 53. Re5 Bg4+
54. Kd3 Rf6 55. Re8 Bf5+ 56. Be4 Bh3 57. Rh8+ Rh6 58. Bf3+ g4 59. Bxg4+ 1-0

[Event "XVII Aberto "]
[Site "Ourense"]
[Date "2008.07.04"]
[Round "2.29"]
[White "Alcazar Jimenez, Victor"]
[Black "Gomez Dieguez, David"]
[Result "1-0"]
[WhiteElo "2391"]
[BlackElo "1727"]
[PlyCount "127"]
[EventDate "2008.07.03"]

1. e4 Nc6 2. Nc3 e6 3. d4 Bb4 4. a3 Bxc3+ 5. bxc3 d6 6. Bb5 Nge7 7. d5 a6 8.
Be2 exd5 9. exd5 Ne5 10. f4 Nd7 11. Nf3 Nf6 12. c4 Bf5 13. Bb2 Ng6 14. O-O O-O
15. Nd4 Qc8 16. Bd3 Bxd3 17. Qxd3 Nd7 18. Qc3 f6 19. Ne6 Rf7 20. Qg3 Ndf8 21.
h4 Nxe6 22. dxe6 Rf8 23. h5 Ne7 24. Rae1 Qe8 25. Qg4 h6 26. Re3 Kh7 27. Qe2 Qc6
28. Kh2 Rae8 29. Rg3 Kh8 30. f5 Qc5 31. Qe4 Nc6 32. Qd5 Qxd5 33. cxd5 Ne7 34.
Rd3 Rb8 35. Rf4 b6 36. Kh3 Rb7 37. Kg4 Rc8 38. Ra4 Ra7 39. Rc4 Rb8 40. Bc1 Kh7
41. Kf4 Rbb7 42. Ke4 Kh8 43. Be3 Kh7 44. Rb3 Kh8 45. Rcb4 Nc8 46. c4 Ra8 47.
Rb1 Rab8 48. a4 a5 49. R4b3 Ne7 50. c5 Nc8 51. g4 Kg8 52. cxb6 cxb6 53. Rc3 Kf8
54. Rc6 Ke7 55. Rbc1 Kd8 56. Bd2 Ra8 57. Be1 Rba7 58. Bg3 Rb7 59. Bxd6 Nxd6+
60. Rxd6+ Ke8 61. Rdc6 Kd8 62. d6 b5 63. Rc7 Rab8 64. e7+ 1-0

[Event "XVII Aberto "]
[Site "Ourense"]
[Date "2008.07.04"]
[Round "2.30"]
[White "Perez Dorado, Jorge"]
[Black "Gallego Martin, Miguel"]
[Result "0-1"]
[WhiteElo "1985"]
[BlackElo "1848"]
[PlyCount "78"]
[EventDate "2008.07.03"]

1. e4 c5 2. Nf3 e6 3. d4 cxd4 4. Nxd4 Nf6 5. e5 Qa5+ 6. Nc3 Qxe5+ 7. Be2 a6 8.
O-O Nc6 9. Nf3 Qc7 10. Bg5 Be7 11. Bd3 h6 12. Bh4 O-O 13. Ne4 Nxe4 14. Bxe7
Nxe7 15. Bxe4 d5 16. Bd3 e5 17. Be2 Be6 18. Re1 Ng6 19. h3 Rfe8 20. c3 Rad8 21.
Qa4 Qb6 22. Qc2 Bd7 23. c4 e4 24. c5 Qf6 25. Nh2 Qg5 26. Kh1 Nf4 27. Bf1 Bb5
28. h4 Qg6 29. g3 Bxf1 30. Nxf1 Nd3 31. Re2 Rc8 32. Qb3 Qg4 33. Rc2 Qf3+ 34.
Kg1 Rxc5 35. Nh2 Qf5 36. Nf1 d4 37. Rd1 Rec8 38. Rcd2 Rc1 39. Nh2 Rxd1+ 0-1

[Event "XVII Aberto "]
[Site "Ourense"]
[Date "2008.07.04"]
[Round "2.31"]
[White "Margarido, Ricardo Emanuel Tor"]
[Black "Villar Perez, Samuel"]
[Result "1-0"]
[WhiteElo "1864"]
[BlackElo "1937"]
[PlyCount "45"]
[EventDate "2008.07.03"]

1. e4 c5 2. d4 cxd4 3. c3 dxc3 4. Nxc3 Nc6 5. Nf3 e6 6. Bc4 a6 7. O-O b5 8. Bb3
d6 9. Qe2 Ra7 10. Rd1 Rd7 11. Bf4 Nf6 12. Rac1 Bb7 13. e5 dxe5 14. Nxe5 Nxe5
15. Bxe5 Bd6 16. Bxd6 Rxd6 17. Nxb5 axb5 18. Qxb5+ Rd7 19. Ba4 Bd5 20. Qb4 h5
21. Bxd7+ Nxd7 22. Rxd5 f6 23. Rd6 1-0

[Event "XVII Aberto "]
[Site "Ourense"]
[Date "2008.07.04"]
[Round "2.32"]
[White "Lozoya Rodriguez, Alberto"]
[Black "Cruz Guerra, Samuel"]
[Result "1-0"]
[WhiteElo "2171"]
[BlackElo "1602"]
[PlyCount "59"]
[EventDate "2008.07.03"]

1. e4 d5 2. exd5 Qxd5 3. Nc3 Qa5 4. Bc4 Nf6 5. d3 c6 6. Nge2 Bf5 7. O-O e6 8.
Ng3 Bd6 9. Nce4 Bxe4 10. dxe4 Bxg3 11. hxg3 Nbd7 12. Qe2 h5 13. Bf4 O-O-O 14.
c3 h4 15. g4 g5 16. b4 Qb6 17. Bd6 h3 18. a4 Rdg8 19. a5 Qd8 20. b5 c5 21. b6
Nxb6 22. Rfd1 Nxc4 23. Qxc4 Qxd6 24. Rxd6 Nxg4 25. g3 h2+ 26. Kg2 Nxf2 27.
Qxc5+ Kb8 28. Qxf2 Rh7 29. Qf6 Rgh8 30. Rd8+ 1-0

[Event "XVII Aberto "]
[Site "Ourense"]
[Date "2008.07.04"]
[Round "2.33"]
[White "Piay Garcia, Alba"]
[Black "Sabuz Forneiro, Martin"]
[Result "1/2-1/2"]
[WhiteElo "1938"]
[BlackElo "1469"]
[PlyCount "109"]
[EventDate "2008.07.03"]

1. e4 Nc6 2. d4 e5 3. Nf3 exd4 4. Bc4 Be7 5. Nxd4 Nf6 6. Nc3 O-O 7. O-O Bb4 8.
Nd5 Bc5 9. Nb3 Nxe4 10. Nxc5 Nxc5 11. Be3 d6 12. Qh5 Be6 13. Rad1 Ne4 14. Qf3
f5 15. Bf4 Ne7 16. Qb3 Nc5 17. Nxe7+ Qxe7 18. Qe3 Rfe8 19. Rfe1 Kf7 20. Qh3 Qf6
21. Bxe6+ Nxe6 22. Qb3 b6 23. Bd2 Qd4 24. Bc3 Qg4 25. Rd3 f4 26. Rd4 Kf8 27.
Rde4 Nc5 28. Rxe8+ Rxe8 29. Rxe8+ Kxe8 30. Qg8+ Ke7 31. Qxg7+ Qxg7 32. Bxg7 Kf7
33. Bc3 Ne4 34. Be1 Kg6 35. f3 Nc5 36. Kf1 d5 37. Bh4 Ne6 38. Ke1 Nd4 39. Kd2
c6 40. Bd8 b5 41. Bc7 Kf5 42. Bb8 a6 43. Bc7 Ne6 44. Bb8 Nd8 45. Kd3 Nb7 46. g3
fxg3 47. hxg3 h5 48. Ba7 Ke5 49. Bb6 Kf5 50. Ke3 Nd6 51. Kd3 Nb7 52. Kd4 Ke6
53. Kd3 Kf5 54. Kd4 Ke6 55. Kd3 1/2-1/2